| 000 | 00796nam a2200217 a 4500 | ||
|---|---|---|---|
| 001 | BRCA_810 | ||
| 005 | 20190320203147.0 | ||
| 008 | 200505s1990----sp-a---###---#000-0#spa-m | ||
| 020 | _a8476300301 | ||
| 040 | _aMFM | ||
| 050 | 4 |
_aNK5142 _b.D73 1982 |
|
| 100 | 1 |
_aDrahotová, Olga _92697 |
|
| 245 | 1 | 0 |
_aEl arte del vidrio en Europa _cOlga Drahotová ; prólogo y leyendas de Marielle Ernould-Gandouet. |
| 260 |
_aMadrid _bLibsa _c1990 |
||
| 300 |
_a232 p. _bil. _c29 cm. |
||
| 500 | _aIncluye léxico de formas, léxico de términos técnicos, índice de ilustraciones fotográficas e índice onomástico | ||
| 500 | _aCatálogo de las grandes colecciones y catálogo de exposiciones | ||
| 650 | 1 | 4 |
_aVidrio _xHistoria _zEuropa _92698 |
| 700 | 1 |
_aErnould-Gandouet, Marielle _92699 |
|
| 942 |
_2lcc _cB |
||
| 999 |
_c705 _d705 |
||